00301nam a2200133Ia 45000030006000000080041000060400015000471000020000622450019000822600029001013000006001305460014001360050017001500STCL150530s9999 xx 000 0 und d aSTCLcSTCL aThayat Sankaran aMudrarakshasam bCalicut Universityc1994 a0 aMalayalam20220125170752.0